Reinsurance: from cover to cover (Record no. 72620)
[ view plain ]
| 000 -LEADER | |
|---|---|
| fixed length control field | 00985cam a2200241 4500 |
| 001 - CONTROL NUMBER | |
| control field | ABS66613 |
| 008 - FIXED-LENGTH DATA ELEMENTS--GENERAL INFORMATION | |
| fixed length control field | 030502n2003 000 0 eng u |
| 035 ## - SYSTEM CONTROL NUMBER | |
| System control number | (Sirsi) u122184 |
| 100 ## - MAIN ENTRY--PERSONAL NAME | |
| Personal name | Levitt, A. |
| 245 ## - TITLE STATEMENT | |
| Title | Reinsurance: from cover to cover |
| 260 ## - PUBLICATION, DISTRIBUTION, ETC. | |
| Date of publication, distribution, etc. | 2003 |
| 490 ## - SERIES STATEMENT | |
| Series statement | Estates Gazette |
| Volume/sequential designation | (0315) 12 April 2003, 134(1) |
| 520 ## - SUMMARY, ETC. | |
| Summary, etc. | Examines how the Pool Reinsurance Co Ltd (Pool Re) scheme has changed following the attack on the World Trade Center on 11 September 2001. The scheme has increased coverage to include contamination and impact by aircraft, making it easier for property owners to obtain insurance against all kinds of terrorist acts and for insurers to set terrorism premiums for their underlying policies. |
| 590 ## - LOCAL NOTE (RLIN) | |
| Local note | ABS |
| 650 ## - SUBJECT ADDED ENTRY--TOPICAL TERM | |
| Topical term or geographic name entry element | TERRORISM |
| 650 ## - SUBJECT ADDED ENTRY--TOPICAL TERM | |
| Topical term or geographic name entry element | TERRORISM INSURANCE |
| 650 ## - SUBJECT ADDED ENTRY--TOPICAL TERM | |
| Topical term or geographic name entry element | SEPTEMBER 11 ATTACKS |
| 650 ## - SUBJECT ADDED ENTRY--TOPICAL TERM | |
| Topical term or geographic name entry element | POOL RE |
| 650 ## - SUBJECT ADDED ENTRY--TOPICAL TERM | |
| Topical term or geographic name entry element | PROPERTY OWNERS |
| 650 ## - SUBJECT ADDED ENTRY--TOPICAL TERM | |
| Topical term or geographic name entry element | PROPERTY INSURANCE |
| 690 ## - LOCAL SUBJECT ADDED ENTRY--TOPICAL TERM (OCLC, RLIN) | |
| Topical term or geographic name as entry element | Insurance |
| 9 (RLIN) | 6249 |
| 942 ## - ADDED ENTRY ELEMENTS (KOHA) | |
| Suppress in OPAC | 0 |
| Withdrawn status | Lost status | Source of classification or shelving scheme | Damaged status | Not for loan | Home library | Current library | Shelving location | Date acquired | Total Checkouts | Full call number | Barcode | Date last seen | Copy number | Price effective from | Koha item type |
|---|---|---|---|---|---|---|---|---|---|---|---|---|---|---|---|
| Dewey Decimal Classification | London | London | Journal article | 02/05/2003 | ABS66613 | 122184-1001 | 06/08/2019 | 1 | 06/08/2019 | Journal article |